<?xml version="1.0" encoding="UTF-8"?>
<record
    xmlns:xsi="http://www.w3.org/2001/XMLSchema-instance"
    xsi:schemaLocation="http://www.loc.gov/MARC21/slim http://www.loc.gov/standards/marcxml/schema/MARC21slim.xsd"
    xmlns="http://www.loc.gov/MARC21/slim">

  <leader>00429nam a2200121Ia 4500</leader>
  <controlfield tag="008">250514s9999    xx            000 0 und d</controlfield>
  <datafield tag="020" ind1=" " ind2=" ">
    <subfield code="a">0</subfield>
    <subfield code="q">PB</subfield>
  </datafield>
  <datafield tag="100" ind1=" " ind2=" ">
    <subfield code="a">Dhivehi bahaai thaareekha hidhumaiykuraa Marukazu</subfield>
  </datafield>
  <datafield tag="245" ind1=" " ind2="0">
    <subfield code="a">Faiythoora</subfield>
  </datafield>
  <datafield tag="260" ind1=" " ind2=" ">
    <subfield code="a">Male' Maldives</subfield>
    <subfield code="b">&#x78B;&#x7A8;&#x788;&#x7AC;&#x780;&#x7A8;&#x784;&#x7A6;&#x780;&#x7A7;&#x787;&#x7A8; &#x78C;&#x7A7;&#x783;&#x7A9;&#x79A;&#x7A6;&#x781;&#x7B0; &#x79A;&#x7A8;&#x78B;&#x7AA;&#x789;&#x7A6;&#x78C;&#x7B0;&#x786;&#x7AA;&#x783;&#x7A7; &#x7A4;&#x7A6;&#x787;&#x7AA;&#x789;&#x7A9; &#x789;&#x7A6;&#x783;&#x7AA;&#x786;&#x7A6;&#x792;&#x7AA;</subfield>
    <subfield code="c">2001</subfield>
  </datafield>
  <datafield tag="300" ind1=" " ind2=" ">
    <subfield code="a">58p.</subfield>
  </datafield>
  <datafield tag="942" ind1=" " ind2=" ">
    <subfield code="h">70</subfield>
    <subfield code="i">FAT</subfield>
    <subfield code="c">BK</subfield>
  </datafield>
  <datafield tag="952" ind1=" " ind2=" ">
    <subfield code="0">0</subfield>
    <subfield code="1">0</subfield>
    <subfield code="4">0</subfield>
    <subfield code="7">0</subfield>
    <subfield code="a">KFPL</subfield>
    <subfield code="b">KFPL</subfield>
    <subfield code="c">DHI</subfield>
    <subfield code="d">2025-05-14</subfield>
    <subfield code="l">0</subfield>
    <subfield code="o">070 FAT</subfield>
    <subfield code="p">KL-2024-000135</subfield>
    <subfield code="r">2025-05-14 06:45:52</subfield>
    <subfield code="w">2025-05-14</subfield>
    <subfield code="y">BK</subfield>
  </datafield>
  <datafield tag="999" ind1=" " ind2=" ">
    <subfield code="c">1841</subfield>
    <subfield code="d">1841</subfield>
  </datafield>
</record>
